| 000 | 01095cam a22003015a 4500 | ||
|---|---|---|---|
| 001 | 016650574 | ||
| 003 | OSt | ||
| 005 | 20150622142748.0 | ||
| 008 | 140206t2012 enkae frb 001 0 eng d | ||
| 020 | _a9781782544920 (pbk.) | ||
| 040 |
_aStDuBDS _beng _cStDuBDS _dEG-ScBUE |
||
| 082 | 0 | 4 |
_a338.04 _222 _bSOC |
| 245 | 0 | 0 |
_aSocietal entrepreneurship : _bpositioning, penetrating, promoting / _cedited by Karin Berlgund, Bengt Johannisson, Birgitta Schwartz. |
| 260 |
_aCheltenham ; _aNorthampton : _bEdward Elgar publishing Limited, _cc.2012. |
||
| 300 |
_axiii, 292 p. : _bplans, tables ; _c24 cm. |
||
| 500 | _aOriginally published : 2012. | ||
| 500 | _aIndex : p. 279-292. | ||
| 504 | _aIncludes bibliographical references. | ||
| 650 | 0 |
_aSocial entrepreneurship. _2BUEsh _935712 |
|
| 650 | 0 |
_aSocial responsibility of business. _2BUEsh |
|
| 651 | _2BUEsh | ||
| 653 |
_bBUSADM _cJune2015 |
||
| 655 |
_vreading book _934232 |
||
| 700 | 1 |
_aBerlgund, Karin, _eeditor. |
|
| 700 | 1 |
_aJohannisson, Bengt, _d1942- _eeditor. |
|
| 700 | 1 |
_aSchwartz, Birgitta, _eeditor. |
|
| 942 |
_2ddc _k338.04 SOC |
||
| 999 |
_c19602 _d19574 |
||